| 000 | 01087cam a2200313 a 4500 | ||
|---|---|---|---|
| 001 | 14155380 | ||
| 003 | GBCCL | ||
| 005 | 20241126110425.0 | ||
| 008 | 051027m20039999ii c 000 0ceng | ||
| 010 | _a 2005387513 | ||
| 025 | _aI-E-2005-387513; 13 | ||
| 037 |
_bLibrary of Congress -- New Delhi Overseas Office _cRs100.00 (v. 1) |
||
| 040 |
_aDLC _cDLC _dDLC |
||
| 042 | _alcode | ||
| 043 | _aa-ii--- | ||
| 050 | 0 | 0 |
_aBV3269.A1 _bZ45 2003 |
| 082 |
_a266.0095416 _a266.0095416092 _bZEL |
||
| 100 | 1 |
_aZeliang, Elungkiebe. _94681 |
|
| 245 | 1 | 0 |
_aPioneer missionaries of North East India : _bselected missionaries / _cElungkiebe Zeliang. |
| 250 | _a1st ed. | ||
| 260 |
_aJorhat : _bEastern Theological College, _c2003- |
||
| 300 |
_av. <1> : _bports. ; _c23 cm |
||
| 610 | 2 | 0 |
_aCatholic Church _zIndia, Northeastern _xHistory. _94682 |
| 650 | 0 |
_aMissionaries _zIndia, Northeastern _vBiography. _94683 |
|
| 650 | 0 |
_aMissions _zIndia, Northeastern _xHistory. _94684 |
|
| 906 |
_a7 _bcbc _corigode _d2 _encip _f20 _gy-gencatlg |
||
| 942 |
_2ddc _cBK _073 |
||
| 999 |
_c2273 _d2273 |
||